<?xml version="1.0" encoding="UTF-8"?>
<record
    xmlns:xsi="http://www.w3.org/2001/XMLSchema-instance"
    xsi:schemaLocation="http://www.loc.gov/MARC21/slim http://www.loc.gov/standards/marcxml/schema/MARC21slim.xsd"
    xmlns="http://www.loc.gov/MARC21/slim">

  <leader>00446nam a2200133Ia 4500</leader>
  <controlfield tag="005">20260326100034.0</controlfield>
  <controlfield tag="008">260326s9999||||xx |||||||||||||| ||und||</controlfield>
  <datafield tag="100" ind1=" " ind2=" ">
    <subfield code="a">Mota Menezes, Jos&#xE9; Luiz da</subfield>
  </datafield>
  <datafield tag="245" ind1=" " ind2="0">
    <subfield code="a">Dois Monumentos do Recife :</subfield>
    <subfield code="b"> Sao Pedro Dos Clerigos - Nossa Senhora da Conceicao dos Militares /</subfield>
    <subfield code="c">Jos&#xE9; Luiz da Mota Menezes</subfield>
  </datafield>
  <datafield tag="260" ind1=" " ind2=" ">
    <subfield code="b">Fundacao de Cultura do Recife</subfield>
  </datafield>
  <datafield tag="300" ind1=" " ind2=" ">
    <subfield code="a">66 p.</subfield>
  </datafield>
  <datafield tag="650" ind1=" " ind2=" ">
    <subfield code="a">ARQUITECTURA REGIONAL</subfield>
  </datafield>
  <datafield tag="942" ind1=" " ind2=" ">
    <subfield code="c">BK</subfield>
  </datafield>
  <datafield tag="999" ind1=" " ind2=" ">
    <subfield code="c">6708</subfield>
    <subfield code="d">6708</subfield>
  </datafield>
  <datafield tag="952" ind1=" " ind2=" ">
    <subfield code="0">0</subfield>
    <subfield code="1">0</subfield>
    <subfield code="2">ddc</subfield>
    <subfield code="4">0</subfield>
    <subfield code="7">0</subfield>
    <subfield code="8">GEN</subfield>
    <subfield code="a">GPC</subfield>
    <subfield code="b">GPC</subfield>
    <subfield code="c">GEN</subfield>
    <subfield code="d">2026-03-26</subfield>
    <subfield code="e">Compra</subfield>
    <subfield code="i">458</subfield>
    <subfield code="l">0</subfield>
    <subfield code="o">720.73 M 917</subfield>
    <subfield code="p">458</subfield>
    <subfield code="r">2026-03-26 15:00:00</subfield>
    <subfield code="w">2026-03-26</subfield>
    <subfield code="y">BK</subfield>
  </datafield>
</record>
